| 000 | 00702nam a2200229 a 4500 | ||
|---|---|---|---|
| 005 | 20140310183446.0 | ||
| 008 | 080930s19uu xx 00 eng d | ||
| 020 | _a9780471267157 | ||
| 050 |
_aQA 76.9.D37 _b.M95 2006 |
||
| 100 | _aMundy, Joy | ||
| 245 |
_aThe microsoft data warehouse toolkit : _bwith SQL serrver 2005 and the microsoft business intelligence toolset / _cJoy Mundy. |
||
| 260 |
_aIndianapolis : _bWiley Publishing Inc, _c2006. |
||
| 300 |
_a746 p. : _c25 cm. |
||
| 521 | _aIT | ||
| 650 | _aComputer Studies. | ||
| 650 | _aData Warehousing. | ||
| 650 | _aSQL server. | ||
| 700 | _aThornthwaite, Warren | ||
| 700 | _aKimball, Ralph | ||
| 942 |
_cBK _2lcc _kFOR |
||
| 999 |
_c23240 _d23240 |
||